000
00291nam a22001337a 4500
008
171102b xxu||||| |||| 00| 0 eng d
020
_a
9780787942694
041
_a
eng
080
_a
530.14
100
_a
59
101
_a
GLO
245
_a
CAPITAL CAMPAIGNS
_c
KIHLSTEDT,A
942
_2
udc
_c
BK
999
_c
37188
_d
37188